[Event "I Miedzynarodowy Memorial Ireny Warakomskiej - Open B"]
[Site "Suwalki"]
[Date "2017-08-18"]
[Round "9.1"]
[White "Samborski, Henryk"]
[Black "Slezinski, Nikodem "]
[Result "1-0"]
[WhiteTitle ""]
[BlackTitle ""]
[WhiteElo "2096"]
[BlackElo "1995"]

1. Nf3 g6 2. g3 b6 3. Bg2 Bb7 4. O-O Bg7 5. d4 e6 6. c4 Ne7 7. Nc3 d6 8. e4 Nd7
9. Re1 a6 10. b3 O-O 11. Bb2 c6 12. Qe2 b5 13. e5 Qc7 14. Ba3 Nc8 15. exd6 Nxd6
16. Ne4 Nxe4 17. Bxf8 Rxf8 18. Qxe4 bxc4 19. Ne5 Nxe5 20. dxe5 cxb3 21. axb3 Rd8
22. Rac1 Rd5 23. f4 Bf8 24. Kh1 Qb6 25. Qc2 Rb5 26. Red1 Ba3 27. Rb1 a5 28. h4
Rc5 29. Qd3 Kg7 30. Qd8 Qxd8 31. Rxd8 Rc3 32. Kh2 Ba6 33. Ra8 Bd3 34. Rd1 Bc2
35. Rd7 Bxb3 36. Raa7 1-0

[Event "I Miedzynarodowy Memorial Ireny Warakomskiej - Open B"]
[Site "Suwalki"]
[Date "2017-08-18"]
[Round "9.2"]
[White "Belczewski, Jacek"]
[Black "Shpanko, Nadiia"]
[Result "1-0"]
[WhiteTitle ""]
[BlackTitle ""]
[WhiteElo "1949"]
[BlackElo "2095"]

1. d4 Nf6 2. c4 e6 3. Nf3 d5 4. Nc3 c6 5. e3 Nbd7 6. Qc2 Bd6 7. b3 O-O 8. Be2 Re8
9. O-O dxc4 10. Bxc4 b5 11. Be2 Bb7 12. e4 e5 13. dxe5 Nxe5 14. Bg5 h6 15. Bh4
Ng6 16. Bg3 Bb4 17. e5 Bxc3 18. Qxc3 Ne4 19. Qe3 Nxg3 20. hxg3 Qc7 21. Rac1 Qb6
22. Rc5 Nf8 23. Rfc1 Nd7 24. R5c3 c5 25. Qf4 Rac8 26. Re3 a6 27. Bd3 Rcd8 28.
Rce1 Nf8 29. g4 Qc7 30. Bf5 Bxf3 31. Qxf3 g6 32. Bb1 Ne6 33. Qg3 Rd4 34. Be4 c4
35. f4 Qc5 36. Kh2 Rd2 37. f5 Nf8 38. Bb1 b4 39. bxc4 Qxc4 40. fxg6 fxg6 41. Qf3
Qd5 42. Qxd5+ Rxd5 43. Bc2 Rd4 44. Bb3+ Kg7 45. Rf3 g5 46. Rf7+ Kh8 47. Ba4 Rb8
48. e6 Kg8 49. Bb3 Re8 50. e7 Rb8 51. Ba4 Rd3 52. Rxf8+ 1-0

[Event "I Miedzynarodowy Memorial Ireny Warakomskiej - Open B"]
[Site "Suwalki"]
[Date "2017-08-18"]
[Round "9.3"]
[White "Janiszewski, Maciej"]
[Black "Kalmuk, Krzysztof"]
[Result "1-0"]
[WhiteTitle ""]
[BlackTitle ""]
[WhiteElo "2095"]
[BlackElo "2030"]

1. e4 c5 2. b4 cxb4 3. a3 d5 4. exd5 Qxd5 5. Nf3 e6 6. Bb2 Nf6 7. Bd3 Nc6 8. O-O
Be7 9. Re1 O-O 10. Ne5 bxa3 11. Nxa3 Qd8 12. Nxc6 bxc6 13. Nc4 c5 14. Re3 g6 15.
Ne5 Bb7 16. c4 Qc7 17. Rb1 a5 18. Bc2 Rab8 19. Qe2 Ba8 20. Rh3 Rb6 21. f3 Rfb8
22. Nd3 Qd7 23. Qe5 a4 24. Ra1 Rxb2 25. Nxb2 Rd8 26. Nd3 Bc6 27. Qe3 Qa7 28. g4
Nd7 29. Nb4 Qc7 30. Nxc6 Qxc6 31. Rxa4 Bf6 32. Qe4 Qd6 33. d3 Bg5 34. Rg3 Nf6
35. Qe2 Qd4+ 36. Kh1 Rb8 37. Rg1 Rb2 38. Rb1 Bf4 39. Rxb2 Qxb2 40. Bd1 Qc1 41.
Ra8+ Kg7 42. Ra2 Qc3 43. Ba4 e5 44. Bc6 Qd4 45. Ra7 Qd6 46. Be4 Qd4 47. Kg2 Bg5
48. Rb7 Be3 49. Qb2 Qxb2+ 50. Rxb2 h5 51. h3 h4 52. Rb7 Nh7 53. Rd7 Ng5 54. Bd5
Bd4 55. Rb7 Be3 56. Be4 Bd4 57. Rb1 Be3 58. Rh1 Ne6 59. Kf1 Kf6 60. Ke2 Bd4 61.
Bd5 Nf4+ 62. Kd2 Kg5 63. Bxf7 Ng2 64. Rh2 Nf4 65. Bd5 Bg1 66. Rh1 Bf2 67. Be4
Bd4 68. Kd1 Be3 69. Kc2 Bd4 70. Kb3 Ne6 71. Ka4 Nf8 72. Kb5 Kf4 73. Kc6 Ne6 74.
Bxg6 Kxf3 75. Bf5 Ng5 76. Be4+ Kg3 77. Kd6 Be3 78. Kxe5 Nxh3 79. Rxh3+ Kxh3 80.
Kf5 Kh2 81. g5 h3 82. g6 Bd4 83. Ke6 Kg1 84. Kf7 1-0

[Event "I Miedzynarodowy Memorial Ireny Warakomskiej - Open B"]
[Site "Suwalki"]
[Date "2017-08-18"]
[Round "9.4"]
[White "Suder, Ryszard "]
[Black "Wierzbicki, Michal "]
[Result "1/2-1/2"]
[WhiteTitle ""]
[BlackTitle ""]
[WhiteElo "2082"]
[BlackElo "1890"]

1. Nf3 Nf6 2. g3 d5 3. d4 e6 4. c4 Be7 5. Bg2 O-O 6. Qc2 a6 7. Nbd2 Nbd7 8. O-O
b6 9. b3 Bb7 10. Bb2 c5 11. cxd5 exd5 12. Rac1 Rc8 13. Qd3 Ne4 14. Ne5 Nxe5 15.
dxe5 Nxd2 16. Qxd2 Qd7 17. Rfd1 1/2-1/2

[Event "I Miedzynarodowy Memorial Ireny Warakomskiej - Open B"]
[Site "Suwalki"]
[Date "2017-08-18"]
[Round "9.5"]
[White "Bogdanov, Ignat"]
[Black "Wacior, Maciej "]
[Result "1/2-1/2"]
[WhiteTitle ""]
[BlackTitle ""]
[WhiteElo "2078"]
[BlackElo "1912"]

1. d4 d5 2. c4 e6 3. Nc3 c6 4. Nf3 Nf6 5. Bg5 Be7 6. e3 Nbd7 7. Bd3 O-O 8. O-O
dxc4 9. Bxc4 c5 10. Qe2 a6 11. a4 cxd4 12. Nxd4 Ne5 13. Ba2 Bd7 14. Rfd1 Qe8 15.
Bb1 h6 16. Bf4 Nc6 17. Nxc6 Bxc6 18. Be5 Nd7 19. Bg3 f5 20. Ba2 Qg6 21. f3 Bc5
22. Bd6 Bxd6 23. Rxd6 Rae8 24. b4 Ne5 25. Kh1 Nf7 26. Rd2 1/2-1/2

[Event "I Miedzynarodowy Memorial Ireny Warakomskiej - Open B"]
[Site "Suwalki"]
[Date "2017-08-18"]
[Round "9.6"]
[White "Sobczak, Miroslaw"]
[Black "Lisowski, Krzysztof"]
[Result "0-1"]
[WhiteTitle ""]
[BlackTitle ""]
[WhiteElo "1925"]
[BlackElo "2073"]

1. e4 g6 2. d4 Bg7 3. Nc3 c6 4. f4 d5 5. e5 Nh6 6. Nf3 Bg4 7. Be3 Nf5 8. Bf2 Qb6
9. Rb1 Bxf3 10. Qxf3 f6 11. Qd1 O-O 12. Bd3 Nxd4 13. Bxg6 fxe5 14. Bd3 e4 15.
Nxe4 dxe4 16. Bc4+ Kh8 17. c3 e3 18. Bg1 Nf5 19. Qh5 Bxc3+ 20. Ke2 Qc5 0-1

[Event "I Miedzynarodowy Memorial Ireny Warakomskiej - Open B"]
[Site "Suwalki"]
[Date "2017-08-18"]
[Round "9.7"]
[White "Rak, Tomasz"]
[Black "Szolc, Grzegorz"]
[Result "1-0"]
[WhiteTitle ""]
[BlackTitle ""]
[WhiteElo "2067"]
[BlackElo "1945"]

1. Nf3 c5 2. c4 Nc6 3. d4 cxd4 4. Nxd4 g6 5. Nc2 Bg7 6. g3 d6 7. Bg2 Be6 8. Ne3
Rc8 9. O-O Qb6 10. Nc3 Nf6 11. Qd2 O-O 12. b3 Qa5 13. Bb2 Qh5 14. Ncd5 Ng4 15.
Nxg4 Bxg4 16. Bxg7 Kxg7 17. Rad1 Rfe8 18. f4 Bh3 19. e4 f6 20. Ne3 Bxg2 21. Kxg2
Qc5 22. Rf2 b5 23. cxb5 Qxb5 24. g4 Qb4 25. Qxb4 Nxb4 26. Rdd2 Rc3 27. Rf3 Rec8
28. Nd5 Nxd5 29. exd5 f5 30. g5 Rxf3 31. Kxf3 Rc3+ 32. Ke2 Rh3 33. Ke1 Re3+ 34.
Re2 Rd3 35. Rxe7+ Kg8 36. Rxa7 Rxd5 37. Ke2 Rc5 38. Kd3 Rd5+ 39. Ke3 Rc5 40. b4
Rc4 41. b5 Re4+ 42. Kd3 Rxf4 43. b6 1-0

[Event "I Miedzynarodowy Memorial Ireny Warakomskiej - Open B"]
[Site "Suwalki"]
[Date "2017-08-18"]
[Round "9.8"]
[White "Mammadov, Vafa "]
[Black "Bartoszewicz, Marcin "]
[Result "0-1"]
[WhiteTitle ""]
[BlackTitle ""]
[WhiteElo "2066"]
[BlackElo "1875"]

1. e4 c5 2. Nc3 Nc6 3. g3 g6 4. Bg2 Bg7 5. d3 d6 6. Nge2 e6 7. Be3 Nd4 8. O-O Ne7
9. Nf4 O-O 10. Qd2 Rb8 11. Nd1 e5 12. Nd5 Nxd5 13. exd5 Bh3 14. f4 Bxg2 15. Qxg2
Rc8 16. fxe5 Bxe5 17. c3 Nf5 18. Bc1 b5 19. Nf2 b4 20. Ne4 f6 21. Bf4 Qe7 22.
Bxe5 fxe5 23. g4 Ne3 24. Rxf8+ Rxf8 25. Qh3 Nxd5 26. g5 Nf4 27. Qe3 Qe6 28. Kh1
Qd5 29. cxb4 cxb4 30. Rc1 Nxd3 0-1

[Event "I Miedzynarodowy Memorial Ireny Warakomskiej - Open B"]
[Site "Suwalki"]
[Date "2017-08-18"]
[Round "9.9"]
[White "Grabowski, Adam"]
[Black "Budzinski, Jan "]
[Result "1/2-1/2"]
[WhiteTitle ""]
[BlackTitle ""]
[WhiteElo "2063"]
[BlackElo "2012"]

1. d4 d5 2. Nf3 Nf6 3. c4 e6 4. cxd5 exd5 5. Nc3 Be7 6. Bg5 c6 7. Qc2 Nbd7 8. e3
Nh5 9. Bxe7 Qxe7 10. Bd3 Nf4 11. Bf1 Nh5 12. Be2 Ndf6 13. Ne5 g6 14. g4 Ng7 15.
O-O-O Be6 16. h3 h5 17. Bd3 O-O-O 18. Qa4 Kb8 19. f3 Nd7 20. Kb1 Nxe5 21. dxe5
hxg4 22. hxg4 g5 23. Be2 Qc5 24. Qd4 Qxd4 25. exd4 Bc8 26. Bd3 Ne6 27. Ne2 c5
28. Bf5 Rxh1 29. Rxh1 Nxd4 30. Nxd4 cxd4 31. Kc2 Re8 32. Re1 Rh8 33. Kd3 Rh3 34.
Rf1 Rh2 35. Rc1 Be6 36. Rc2 Rxc2 37. Kxc2 Kc7 38. Kd3 Kd7 39. Kxd4 b6 40. Bd3
a5 41. Bb5+ Kc7 42. a3 Kb7 43. b4 axb4 44. axb4 Kc7 45. Be8 Kd8 46. Bc6 Ke7 47.
b5 f5 48. exf6+ Kxf6 49. Bxd5 Bd7 50. Bc4 Bc8 51. Bd3 Be6 52. Be4 Bd7 53. Bc6
Bc8 54. Kd5 Ke7 55. Ke5 Be6 56. Bd5 Bd7 57. Bc4 Bc8 58. Bd3 Bd7 59. Kd5 Be8 60.
Ke5 Bd7 61. f4 gxf4 62. Kxf4 Kf6 63. g5+ Kg7 64. Ke5 Be8 65. Kd6 Bxb5 66. Bxb5
1/2-1/2

[Event "I Miedzynarodowy Memorial Ireny Warakomskiej - Open B"]
[Site "Suwalki"]
[Date "2017-08-18"]
[Round "9.10"]
[White "Golek, Jagoda"]
[Black "Lada, Michal "]
[Result "1/2-1/2"]
[WhiteTitle ""]
[BlackTitle ""]
[WhiteElo "2058"]
[BlackElo "1875"]

1. e4 c6 2. Nc3 d5 3. Nf3 dxe4 4. Nxe4 Nf6 5. Nxf6+ gxf6 6. d4 Bg4 7. Be2 Qc7 8.
Be3 e6 9. Qd2 Nd7 10. O-O-O O-O-O 11. c4 Ne5 12. Nxe5 Bxe2 13. Qxe2 fxe5 14. dxe5
Be7 15. f4 Qa5 16. Kb1 Rxd1+ 17. Rxd1 Rd8 18. Rxd8+ Bxd8 19. a3 Bb6 20. Bd2 Qc5
21. g3 Qd4 22. Bc3 Qg1+ 23. Ka2 Bd4 24. Bd2 c5 25. Ba5 Qc1 26. Kb3 b6 27. Qd2
Qf1 28. Bc3 Qf3 29. Qc2 h5 30. Qd2 Kb7 31. Ka2 Bxc3 32. Qxc3 Qe2 33. h3 a5 34.
Qb3 Kc7 35. Qb5 Qd3 36. Qb3 Qe2 37. Qb5 Qd3 38. Qa6 Qc2 39. Qa7+ Kc6 40. Qa6 Kc7
41. Qa7+ 1/2-1/2

[Event "I Miedzynarodowy Memorial Ireny Warakomskiej - Open B"]
[Site "Suwalki"]
[Date "2017-08-18"]
[Round "9.11"]
[White "Medvedyk, Volodymyr"]
[Black "Migala, Andrzej"]
[Result "1-0"]
[WhiteTitle ""]
[BlackTitle ""]
[WhiteElo "2053"]
[BlackElo "2031"]

1. c4 c5 2. g3 Nc6 3. Bg2 g6 4. Nc3 Bg7 5. Nf3 e5 6. O-O d6 7. a3 Nge7 8. b4 O-O
9. Rb1 Rb8 10. Ne1 Be6 11. Nd5 Qd7 12. Nc2 Bh3 13. b5 1-0

[Event "I Miedzynarodowy Memorial Ireny Warakomskiej - Open B"]
[Site "Suwalki"]
[Date "2017-08-18"]
[Round "9.12"]
[White "Szewczyk, Mariusz"]
[Black "Kowalec, Maciej"]
[Result "1/2-1/2"]
[WhiteTitle ""]
[BlackTitle ""]
[WhiteElo "2053"]
[BlackElo "2038"]

1. d4 d5 2. c4 c6 3. cxd5 cxd5 4. Nc3 Nc6 5. Nf3 Nf6 6. e3 a6 7. Bd3 e6 8. O-O
Bd6 9. a3 O-O 10. Bd2 b5 11. b4 Bd7 12. Rc1 Rc8 13. Qe2 Re8 14. h3 1/2-1/2

[Event "I Miedzynarodowy Memorial Ireny Warakomskiej - Open B"]
[Site "Suwalki"]
[Date "2017-08-18"]
[Round "9.13"]
[White "Szczygiel, Konrad"]
[Black "Pawelec, Bartosz "]
[Result "1-0"]
[WhiteTitle ""]
[BlackTitle ""]
[WhiteElo "1862"]
[BlackElo "2050"]

1. d4 d5 2. c4 Nc6 3. Nf3 Bg4 4. cxd5 Bxf3 5. dxc6 Bxc6 6. Nc3 e6 7. e4 Bb4 8.
f3 Nf6 9. Bc4 O-O 10. Bg5 h6 11. Bh4 Be7 12. Bf2 a6 13. h4 b5 14. Bd3 Nh5 15.
Qd2 f5 16. g4 fxg4 17. fxg4 Nf4 18. Bf1 b4 19. Ne2 Bxe4 20. Nxf4 Bxh1 21. Nxe6
Rxf2 22. Qxf2 Qd5 23. Nf4 Qe4+ 24. Kd2 Bxh4 25. Bc4+ Kh8 26. Ng6+ Qxg6 27. Qxh4
Bf3 28. Rf1 Qxg4 29. Qf2 Qg5+ 30. Kc2 Be4+ 31. Kb3 a5 32. a4 1-0

[Event "I Miedzynarodowy Memorial Ireny Warakomskiej - Open B"]
[Site "Suwalki"]
[Date "2017-08-18"]
[Round "9.15"]
[White "Gawronski, Miroslaw"]
[Black "Betkowski, Andrzej "]
[Result "1-0"]
[WhiteTitle ""]
[BlackTitle ""]
[WhiteElo "2014"]
[BlackElo "2038"]

1. c4 f5 2. Nc3 Nf6 3. g3 e6 4. Bg2 Be7 5. d3 O-O 6. e4 d6 7. Nge2 c6 8. O-O e5
9. h3 Be6 10. Kh2 fxe4 11. Nxe4 Nxe4 12. Bxe4 Nd7 13. f4 Nf6 14. Bg2 Qd7 15. b3
Bd8 16. Ba3 Re8 17. Qd2 Bc7 18. Qc3 d5 19. fxe5 Bxe5 20. Qxe5 Bg4 21. Qc3 Rxe2
22. hxg4 Nxg4+ 23. Kg1 Ne3 24. Rf2 Qg4 25. Rxe2 Qxe2 26. Qb2 Nc2 27. Rf1 Qe3+
28. Rf2 Nxa3 29. Qxa3 Qxg3 30. Qe7 h6 31. cxd5 Qxd3 32. d6 Qd1+ 33. Rf1 Qd4+ 34.
Kh2 Qc5 35. Qe6+ Kh8 36. d7 Qh5+ 37. Bh3 Rg8 38. Qxg8+ 1-0

[Event "I Miedzynarodowy Memorial Ireny Warakomskiej - Open B"]
[Site "Suwalki"]
[Date "2017-08-18"]
[Round "9.16"]
[White "Kukorowski, Jan"]
[Black "Krasiewicz, Robert "]
[Result "0-1"]
[WhiteTitle ""]
[BlackTitle ""]
[WhiteElo "1670"]
[BlackElo "2031"]

1. e4 g6 2. d4 d6 3. f4 Bg7 4. Nc3 a6 5. Nf3 b5 6. Be3 Bb7 7. Bd3 Nf6 8. e5 Ng4
9. Bd2 c5 10. dxc5 dxe5 11. h3 Nh6 12. fxe5 Nd7 13. e6 fxe6 14. Ne4 O-O 15. Qe2
Nf5 16. O-O-O Bxe4 17. Bxe4 Ng3 18. Qe3 Nxe4 19. Qxe4 Nxc5 20. Qe3 Qc8 21. Bb4
Na4 22. Ne5 Rf5 23. Nd3 Bf6 24. h4 Qc6 25. g4 Rf3 26. Qe2 a5 27. Be1 Rxd3 28.
Rxd3 Qxh1 29. Qxe6+ Kh8 30. Rd1 Bxb2+ 31. Kb1 Qf3 32. Rd7 Nc5 0-1

[Event "I Miedzynarodowy Memorial Ireny Warakomskiej - Open B"]
[Site "Suwalki"]
[Date "2017-08-18"]
[Round "9.17"]
[White "Kotlowski, Tomasz"]
[Black "Hrymowicz, Artur "]
[Result "1/2-1/2"]
[WhiteTitle ""]
[BlackTitle ""]
[WhiteElo "2005"]
[BlackElo "2015"]

1. c4 b6 2. Nc3 Bb7 3. d4 Nf6 4. Nf3 e6 5. g3 Bb4 6. a3 Bxc3+ 7. bxc3 d6 8. Bg2
Nbd7 9. O-O Qe7 10. Qc2 O-O 11. Re1 h6 12. e4 Rfd8 13. h3 Nf8 14. Nh4 N6d7 15.
f4 Rab8 16. Be3 a5 17. a4 Ba6 18. Bf1 Bb7 19. Bd3 e5 20. d5 Ng6 21. Nf5 Qf8 22.
Kh2 Nf6 23. Rf1 Nh7 24. Qe2 Bc8 25. Nxh6+ gxh6 26. f5 Qg7 27. fxg6 fxg6 28. Qd2
g5 29. Rf2 1/2-1/2

[Event "I Miedzynarodowy Memorial Ireny Warakomskiej - Open B"]
[Site "Suwalki"]
[Date "2017-08-18"]
[Round "9.18"]
[White "Falkowski, Dawid "]
[Black "Kupsik, Joanna "]
[Result "0-1"]
[WhiteTitle ""]
[BlackTitle ""]
[WhiteElo "2013"]
[BlackElo "1703"]

1. e4 c5 2. Nf3 e6 3. d4 cxd4 4. Nxd4 Nc6 5. Nc3 Qc7 6. Be2 a6 7. Be3 Nf6 8. O-O
b5 9. a3 Bb7 10. f4 Bc5 11. Qd3 b4 12. e5 bxc3 13. exf6 cxb2 14. fxg7 Rg8 15.
Rab1 Rxg7 16. Nf5 Rxg2+ 17. Kh1 Ne5 0-1

[Event "I Miedzynarodowy Memorial Ireny Warakomskiej - Open B"]
[Site "Suwalki"]
[Date "2017-08-18"]
[Round "9.19"]
[White "Fronczak, Sebastian"]
[Black "Janulek, Dawid "]
[Result "0-1"]
[WhiteTitle ""]
[BlackTitle ""]
[WhiteElo "1926"]
[BlackElo "2006"]

1. e4 c5 2. Nf3 d6 3. d4 cxd4 4. Nxd4 Nf6 5. f3 e5 6. Bb5+ Bd7 7. Bxd7+ Qxd7 8.
Nf5 g6 9. Ne3 Nc6 10. Nc3 Be7 11. O-O O-O 12. Ncd5 Nd4 13. c3 Ne6 14. b3 Rfd8
15. Ba3 Nxd5 16. Nxd5 Rac8 17. Qd3 Nc7 18. Nxc7 Qxc7 19. c4 d5 20. Bxe7 dxc4 21.
Qxd8+ Rxd8 22. Bxd8 Qxd8 23. bxc4 Qd4+ 0-1

[Event "I Miedzynarodowy Memorial Ireny Warakomskiej - Open B"]
[Site "Suwalki"]
[Date "2017-08-18"]
[Round "9.20"]
[White "Litner, Igor "]
[Black "Matuszczyk, Mateusz"]
[Result "1-0"]
[WhiteTitle ""]
[BlackTitle ""]
[WhiteElo "1991"]
[BlackElo "1666"]

1. d4 Nf6 2. c4 e6 3. Nf3 b6 4. g3 Bb7 5. Bg2 Bb4+ 6. Bd2 Bxd2+ 7. Nbxd2 O-O 8.
Qc2 d6 9. O-O Qe7 10. e4 e5 11. d5 a5 12. a3 Na6 13. Rfb1 Nc5 14. b4 axb4 15.
axb4 Rxa1 16. Rxa1 Na6 17. Qc3 g6 18. Ne1 Nh5 19. Nd3 f5 20. b5 Nb8 21. Ra7 Bc8
22. Nb4 f4 23. Na6 Nxa6 24. bxa6 fxg3 25. hxg3 Qf7 26. Qe3 Nf6 27. f3 Nh5 28.
Kh2 Qd7 29. Qa3 Qg7 30. Ra8 Qh6 31. Nf1 Nf4+ 32. Kg1 Nxg2 33. a7 Ne1 34. Qc3 Qh5
35. Rb8 Bh3 36. Ne3 Kg7 37. a8=Q 1-0

[Event "I Miedzynarodowy Memorial Ireny Warakomskiej - Open B"]
[Site "Suwalki"]
[Date "2017-08-18"]
[Round "9.21"]
[White "Tarnowska, Aleksandra"]
[Black "Semczuk, Jerzy "]
[Result "1-0"]
[WhiteTitle ""]
[BlackTitle ""]
[WhiteElo "1807"]
[BlackElo "1989"]

1. e4 c5 2. Nc3 Nc6 3. f4 d6 4. Nf3 g6 5. Bc4 Bg7 6. d3 e6 7. O-O Nge7 8. Bb3 O-O
9. Kh1 Nd4 10. a4 Nxb3 11. cxb3 Nc6 12. h3 d5 13. e5 f6 14. Qe2 fxe5 15. fxe5
Nxe5 16. Bg5 Qd6 17. Nb5 Qb8 18. Be7 Nf7 19. Ng5 Qe5 20. Qxe5 Nxe5 21. Bxf8 Bxf8
22. Nxh7 Be7 23. Nf6+ Kh8 24. Nc7 Rb8 25. Rad1 b6 26. d4 Nc6 27. dxc5 bxc5 28.
Nce8 Rxb3 29. Rf4 g5 30. Rg4 Bxf6 31. Nxf6 Kg7 32. Rf1 e5 33. Ne8+ Kh8 34. Rf8+
1-0

[Event "I Miedzynarodowy Memorial Ireny Warakomskiej - Open B"]
[Site "Suwalki"]
[Date "2017-08-18"]
[Round "9.22"]
[White "Budnik, Mateusz"]
[Black "Czarniecka, Aleksandra "]
[Result "1/2-1/2"]
[WhiteTitle ""]
[BlackTitle ""]
[WhiteElo "1987"]
[BlackElo "1875"]

1. e4 c5 2. Nf3 d6 3. d4 cxd4 4. Nxd4 Nf6 5. Nc3 a6 6. h3 e6 7. g4 h6 8. Bg2 g5
9. Be3 Nbd7 10. Nb3 Ne5 11. Qd4 Rg8 12. O-O-O b5 13. f4 gxf4 14. Bxf4 Nfd7 15.
Kb1 Bb7 16. Qf2 b4 17. Ne2 Qc7 18. Ng3 a5 19. Bxe5 Nxe5 20. Nh5 O-O-O 21. Nd4
Qc5 22. Qf6 Rg6 23. Qf1 Kb8 24. Qb5 Qxb5 25. Nxb5 Bc6 26. Nd4 Be7 27. Nxc6+ Nxc6
28. Rhf1 Ne5 29. Rf2 Bg5 30. Bf1 Kc7 31. c3 Rb8 32. Rc2 bxc3 33. Rxc3+ Kd7 34.
Ra3 Bd8 35. Ra4 Bb6 36. Ra3 Ke7 37. Rb3 Rgg8 38. Rc1 Bc5 39. Rb5 Rxb5 40. Bxb5
Rb8 41. a4 Nf3 42. Ka2 Ng5 43. e5 Nxh3 44. exd6+ Bxd6 45. Rc6 Nf2 46. Ra6 Bc7
47. Ra7 Kd6 48. Nf6 Bb6 49. Rd7+ Ke5 50. Rxf7 Kd6 1/2-1/2

[Event "I Miedzynarodowy Memorial Ireny Warakomskiej - Open B"]
[Site "Suwalki"]
[Date "2017-08-18"]
[Round "9.23"]
[White "Wolanski, Michal "]
[Black "Murawko, Katarzyna "]
[Result "0-1"]
[WhiteTitle ""]
[BlackTitle ""]
[WhiteElo "1920"]
[BlackElo "1967"]

1. c4 c5 2. Nc3 g6 3. g3 Bg7 4. Bg2 Nc6 5. a3 e6 6. b4 cxb4 7. axb4 Nxb4 8. Qa4
Nc6 9. Ba3 Nge7 10. Nb5 O-O 11. Bd6 Nf5 12. Rb1 Nxd6 13. Nxd6 b6 14. Nf3 Rb8 15.
O-O a6 16. e3 Qc7 17. Qa3 Bb7 18. d4 Ba8 19. Rfc1 Rfd8 20. c5 bxc5 21. dxc5 Qa5
22. Rxb8 Qxa3 0-1

[Event "I Miedzynarodowy Memorial Ireny Warakomskiej - Open B"]
[Site "Suwalki"]
[Date "2017-08-18"]
[Round "9.24"]
[White "Pytel, Maciej"]
[Black "Rudzinska, Michalina "]
[Result "1/2-1/2"]
[WhiteTitle ""]
[BlackTitle ""]
[WhiteElo "1967"]
[BlackElo "1870"]

1. e4 c5 2. Nf3 e6 3. d4 cxd4 4. Nxd4 a6 5. Be2 Qc7 6. O-O Nc6 7. Be3 Nf6 8. Nc3
Bb4 9. f3 O-O 10. Nxc6 bxc6 11. Na4 Rb8 12. Bd3 d5 13. Qe2 Bd6 14. Kh1 Nh5 15.
Bg1 c5 16. e5 Bxe5 17. Nxc5 Rb4 18. g4 Nf4 19. Qe1 Rxb2 20. Rc1 Rxa2 21. c4 Nxd3
22. Nxd3 Bf4 23. Nxf4 Qxf4 24. cxd5 exd5 25. Qg3 Qa4 26. Qe5 Rd2 27. Qc3 Re2 28.
Rfe1 Rxe1 29. Rxe1 Qc4 30. Qxc4 dxc4 31. Bc5 Rd8 32. Bb6 Rf8 1/2-1/2

[Event "I Miedzynarodowy Memorial Ireny Warakomskiej - Open B"]
[Site "Suwalki"]
[Date "2017-08-18"]
[Round "9.25"]
[White "Zianowicz, Dominik "]
[Black "Golecki, Jan "]
[Result "1-0"]
[WhiteTitle ""]
[BlackTitle ""]
[WhiteElo "1843"]
[BlackElo "1957"]

1. d4 d5 2. c4 Bf5 3. Nc3 e6 4. Nf3 Nf6 5. Bg5 Nc6 6. cxd5 exd5 7. e3 Be7 8. Bxf6
Bxf6 9. Qb3 Ne7 10. Qxb7 O-O 11. Be2 a6 12. Qb4 Qd7 13. Na4 Rfb8 14. Qa3 Nc6 15.
Nc5 Qe8 16. Qc3 Be7 17. O-O Rb6 18. b3 Nd8 19. Bd3 Bc8 20. b4 Rh6 21. Rfe1 f5
22. Be2 g5 23. Nd2 Bd6 24. Nf1 g4 25. f4 c6 26. a4 Ne6 27. Nxe6 Rxe6 28. Bd3 Re7
29. Rab1 Rb7 30. Rb2 Bd7 31. Reb1 h5 32. Qc2 Qc8 33. Ng3 Qe8 34. Kf2 a5 35. bxa5
Rxb2 36. Rxb2 Rxa5 37. Bxf5 h4 38. Ne2 c5 39. Bxd7 Qxd7 40. Qg6+ Kf8 41. Rb6 Be7
42. Rb8+ Bd8 43. Qb6 Ke7 44. Qb1 Kd6 45. Qg6+ Ke7 46. Qg7+ Kd6 47. Qh6+ Ke7 48.
Qxh4+ Ke8 49. Qh8+ Ke7 50. Rb7 Bc7 51. Qg7+ Kd6 52. Qf6+ Qe6 53. Qxe6+ Kxe6 54.
Rxc7 1-0

[Event "I Miedzynarodowy Memorial Ireny Warakomskiej - Open B"]
[Site "Suwalki"]
[Date "2017-08-18"]
[Round "9.26"]
[White "Beczala, Pawel "]
[Black "Kaczmarska, Joanna "]
[Result "0-1"]
[WhiteTitle ""]
[BlackTitle ""]
[WhiteElo "1789"]
[BlackElo "1942"]

1. e4 e6 2. d4 d5 3. Nc3 Bb4 4. e5 c5 5. a3 Bxc3+ 6. bxc3 Ne7 7. f4 Qc7 8. Nf3
b6 9. Bd3 Ba6 10. O-O Bxd3 11. Qxd3 Nd7 12. Kh1 Rc8 13. Rf2 g6 14. a4 Nc6 15.
h3 cxd4 16. Nxd4 Nc5 17. Nb5 Qd7 18. Nd6+ Qxd6 19. exd6 Nxd3 20. cxd3 Kd7 21.
Ba3 Na5 22. Rc1 Nb3 23. Rb1 Nc5 24. Bxc5 Rxc5 25. Rb3 Rhc8 26. Rc2 Kxd6 27. Kg1
R8c7 28. Kf2 d4 29. c4 Ra5 30. Rb4 Rf5 31. g3 g5 32. Kf3 gxf4 33. g4 Re5 34. Kxf4
Re3 35. a5 h6 36. c5+ bxc5 37. Rxc5 e5+ 0-1

[Event "I Miedzynarodowy Memorial Ireny Warakomskiej - Open B"]
[Site "Suwalki"]
[Date "2017-08-18"]
[Round "9.27"]
[White "Jankowiak, Tomasz"]
[Black "Kaczmarek, Arkadiusz "]
[Result "1/2-1/2"]
[WhiteTitle ""]
[BlackTitle ""]
[WhiteElo "1905"]
[BlackElo "1935"]

1. e4 d5 2. exd5 Nf6 3. Nf3 Nxd5 4. d4 g6 5. Be2 Bg7 6. O-O O-O 7. c4 Nb6 8. h3
Nc6 9. Be3 e5 10. dxe5 Nxe5 11. Nxe5 Bxe5 12. Qb3 Be6 13. Nd2 Bd4 14. Rad1 Bxe3
15. Qxe3 Qf6 16. b3 Rfe8 17. Ne4 Qe5 18. Qd4 Qxd4 19. Rxd4 Kg7 20. Rfd1 Nd7 21.
Ng5 Nf6 22. Nxe6+ Rxe6 23. Bf3 c6 24. Rd8 Rxd8 25. Rxd8 Re1+ 26. Kh2 Re8 27. Rd2
g5 28. g4 Kf8 29. Kg3 Re5 30. Bg2 h6 31. Rd8+ Re8 32. Rd6 Ke7 33. Rd2 Kf8 34.
Rd6 Ke7 35. Rd2 1/2-1/2

[Event "I Miedzynarodowy Memorial Ireny Warakomskiej - Open B"]
[Site "Suwalki"]
[Date "2017-08-18"]
[Round "9.28"]
[White "Czaplewska, Klara"]
[Black "Ossolinski, Ziemowit "]
[Result "0-1"]
[WhiteTitle ""]
[BlackTitle ""]
[WhiteElo "1934"]
[BlackElo "1798"]

1. d4 Nf6 2. g3 d5 3. Bg2 c6 4. Nf3 g6 5. O-O Bg7 6. b3 O-O 7. Bb2 Bf5 8. Nbd2
Qc8 9. Ba3 Re8 10. Re1 Ne4 11. c4 e6 12. Rc1 Nd7 13. Nh4 Qd8 14. Nxf5 exf5 15.
Bb2 h5 16. Nf3 g5 17. Qd3 Nf8 18. cxd5 cxd5 19. Rc2 Ng6 20. Rec1 g4 21. Nd2 Bh6
22. e3 h4 23. Nxe4 dxe4 24. Qb5 f4 25. gxf4 h3 26. Bf1 Nh4 27. Qh5 Re6 28. Rc7
Rg6 29. f5 Nf3+ 30. Kh1 Qd6 31. Rc8+ Bf8 32. Qxg6+ fxg6 33. Bc4+ Kh7 0-1

[Event "I Miedzynarodowy Memorial Ireny Warakomskiej - Open B"]
[Site "Suwalki"]
[Date "2017-08-18"]
[Round "9.29"]
[White "Widelski, Kacper "]
[Black "Amrogowicz, Dominika "]
[Result "1-0"]
[WhiteTitle ""]
[BlackTitle ""]
[WhiteElo "1880"]
[BlackElo "1926"]

1. d4 d5 2. Nf3 Nf6 3. c4 c6 4. Nc3 e6 5. Bg5 Be7 6. e3 h6 7. Bh4 O-O 8. Bd3 dxc4
9. Bxc4 c5 10. O-O cxd4 11. exd4 Nbd7 12. Qe2 Nb6 13. Bb3 Re8 14. Rad1 Nbd5 15.
Bg3 Qa5 16. Nxd5 exd5 17. Ne5 Bf5 18. Rc1 Qb4 19. Qf3 Be4 20. Qc3 Rac8 21. Qxb4
Bxb4 22. f3 Bf5 23. Rxc8 Rxc8 24. Be1 Bd6 25. Bc3 Be6 26. Re1 Ne8 27. Nd3 Nc7
28. a4 Na6 29. f4 Rb8 30. Ne5 Nc7 31. Rf1 Bxe5 32. dxe5 g6 33. Bb4 d4 34. Bd1
Na6 35. Bd6 Rc8 36. Bf3 Rc2 37. Bxb7 Bc4 38. Be4 Re2 39. Rc1 Rxe4 40. Rxc4 Re2
41. Rxd4 Rxb2 42. Be7 Rb8 43. Kf2 Re8 44. Bf6 Nc5 45. Rc4 Ne6 46. Ke3 Rb8 47.
Ke4 a5 48. g4 Rb2 49. f5 1-0

[Event "I Miedzynarodowy Memorial Ireny Warakomskiej - Open B"]
[Site "Suwalki"]
[Date "2017-08-18"]
[Round "9.30"]
[White "Duda, Lukasz Lech"]
[Black "Tomicki, Marek "]
[Result "1/2-1/2"]
[WhiteTitle ""]
[BlackTitle ""]
[WhiteElo "1906"]
[BlackElo "1649"]

1. e4 c5 2. Nf3 d6 3. Bb5+ Bd7 4. Bxd7+ Nxd7 5. d4 cxd4 6. Qxd4 Ngf6 7. c4 e6 8.
Nc3 a6 9. O-O Be7 10. Bg5 O-O 11. Rad1 Qc7 12. Rc1 Rac8 13. b3 Rfd8 14. Rfd1 h6
15. Bh4 Ne5 1/2-1/2